000 00708nam a2200241 a 4500
001 19456
003 CO-ViMGA
008 141112s2004 ck r 000 u spa d
020 _a8420639842
040 _aCO-ViMGA
_bspa
_cCO-ViMGA
082 0 4 _a312 M157p
100 1 _aMalthus, Robert (1766 - 1834)
_928024
245 1 0 _aPrimer Ensayo sobre la población
260 _aMadrid :
_bAlianza Editorial; 2000
300 _a318 p.
490 _aEconomía - Alianza Editorial
500 _aPrólogo John Maynard Keynes.
590 _aForma de adquisición : Premio Mincultura
650 1 4 _aCRECIMIENTO DEMOGRAFICO - POBREZA
_928025
650 1 4 _aDEMOGRAFIA
_953862
650 1 4 _aPOBLACION
942 _2ddc
_cBK
999 _c2953
_d2953